000 00341 a2200157 4500
001 61873
020 _a9780194248884
040 _cAnchieta - Pituba
100 _aHannam, Joyce
240 1 0 _aAriadne's story
_leng
245 1 0 _aAriadne's story
300 _a65
362 0 _a2010
650 4 _aLiteratura juvenil em inglês
942 _cBK
999 _c61873
_d61873